000 01795nam2a2200277 4500
001 rc\2833479
005 20250529201627.0
035 _a(NLR Aleph) 006991339
090 _a5629157
_c5629157
100 _a20110626d1931 |||y0rusy50 ca
101 0 _arus
102 _aRU
105 _ay j 000yy
200 1 _a[Предмет политической экономии
_fС. Палчков]
210 _d1931
_gотп. в 7-й тип. "Искра Революции"
_aБ. м.
215 _a31, [1] с.
320 _aБиблиогр.: с. 32 (2 назв.) и в конце лит. ст.
461 0 _1001rc\2833478
_12001#$aПолитическая экономия$e[учебно-методическое пособие для заочных совпартшкол и комсомольских университетов и для самообразования]$fИнститут массового заочного обучения партактива при ЦК ВКП(б)$vВып. 1
_95629150
_aИнститут массового заочного обучения партактива (Москва)
_c[Москва]
_d1931-1932
_fИнститут массового заочного обучения партактива при ЦК ВКП(б)
_nОГИЗ
_o[учебно-методическое пособие для заочных совпартшкол и комсомольских университетов и для самообразования]
_tПолитическая экономия
_vВып. 1
702 1 _aПалчков
_bС.
_4220
801 0 _aRU
_bNLR
_gpsbo
801 1 _aRU
_bELAR
_2rusmarc
852 _aNLR
_j32-18/743(1)
942 _cBOOK
980 _aNB